Plus grandes villes des pays commençant par A - Statistiques

Statistiques générales
  • Ce quiz a été pris 97 fois
  • Le résultat moyen est 10 sur 20
Statistiques - réponses
Nombre d'habitants Ville % Correct
7 900 000 habitants Alger
90%
6 160 000 habitants Berlin
76%
15 620 000 habitants Buenos Aires
75%
5 370 000 habitants Sydney
69%
5 990 000 habitants Munich
65%
11 300 000 habitants Cologne
59%
4 350 000 habitants Kaboul
59%
5 120 000 habitants Hambourg
56%
5 110 000 habitants Melbourne
56%
10 550 000 habitants Johannesbourg
53%
4 030 000 habitants Le Cap
51%
5 620 000 habitants Francfort
50%
7 710 000 habitants Riyad
44%
8 350 000 habitants Luanda
39%
5 130 000 habitants Bakou
35%
5 350 000 habitants Stuttgart
33%
3 550 000 habitants Nuremberg
19%
3 750 000 habitants Durban
18%
4 000 000 habitants Djeddah
14%
3 900 000 habitants Aix-la-Chapelle
6%
Aucun quiz correspondant
Distribution des résultats
% des personnes avec chaque résultat
Percentile par nombre de réponses
Votre historique - résultats
Vous n’avez pas pris ce quiz